书目信息 |
| 题名: |
冰风暴
|
|
| 作者: | 穆迪 著 ;李睿 译 | |
| 分册: | ||
| 出版信息: | 南京 江苏凤凰文艺出版社 2019.07 |
|
| 页数: | 276页 | |
| 开本: | 21cm | |
| 丛书名: | ||
| 单 册: | ||
| 中图分类: | I712.45 | |
| 科图分类: | ||
| 主题词: | 长篇小说--chang pian xiao shuo--美国--现代 | |
| 电子资源: | ||
| ISBN: | 978-7-5594-3826-3 | |
| 000 | 01209nam0 2200253 450 | |
| 001 | 2061252055 | |
| 005 | 20201106170058.50 | |
| 010 | @a978-7-5594-3826-3@dCNY45.00 | |
| 100 | @a20190731d2019 em y0chiy50 ea | |
| 101 | 1 | @achi@ceng |
| 102 | @aCN@b320000 | |
| 105 | @ay z 000ay | |
| 200 | 1 | @a冰风暴@Abing feng bao@d= The ice storm@f(美) 里克·穆迪著@g李睿译@zeng |
| 210 | @a南京@c江苏凤凰文艺出版社@d2019.07 | |
| 215 | @a276页@d21cm | |
| 314 | @a里克·穆迪, 美国作家、散文家、作曲家。 | |
| 330 | @a本书讲述了一个普通平静的美国中产家庭, 时代的大潮把他们推进了混乱的边缘。平凡乏味的家庭生活使中年的夫妻厌倦, 丈夫本·胡德一直在引诱邻居珍妮特·哈珀, 而妻子对丈夫的谎言也早已不耐烦了, 她与一双儿女无意中目睹了丈夫与女邻居偷情的场面, 夫妻间一场情感风暴即将爆发。用冰风暴的变换来比喻家庭结构的破碎是李安的想法, 家就像冰一样, 看似坚固, 实际脆弱。在冰风暴的那天晚上, 这两个家庭历经分崩离析, 次日清晨, 大家都觉醒了, 我们都将重新面对一切。 | |
| 500 | 10 | @aIce storm@mChinese |
| 606 | 0 | @a长篇小说@Achang pian xiao shuo@y美国@z现代 |
| 690 | @aI712.45@v5 | |
| 701 | 1 | @a穆迪@Amu di@g(Moody, Rick),@f1961-@4著 |
| 702 | 0 | @a李睿@Ali rui@4译 |
| 801 | 0 | @aCN@b人天书店@c20201025 |
| 905 | @aZUCC@dI712.45@eM967 | |
| 冰风暴= The ice storm/(美) 里克·穆迪著/李睿译.-南京:江苏凤凰文艺出版社,2019.07 |
| 276页;21cm |
| ISBN 978-7-5594-3826-3:CNY45.00 |
| 本书讲述了一个普通平静的美国中产家庭, 时代的大潮把他们推进了混乱的边缘。平凡乏味的家庭生活使中年的夫妻厌倦, 丈夫本·胡德一直在引诱邻居珍妮特·哈珀, 而妻子对丈夫的谎言也早已不耐烦了, 她与一双儿女无意中目睹了丈夫与女邻居偷情的场面, 夫妻间一场情感风暴即将爆发。用冰风暴的变换来比喻家庭结构的破碎是李安的想法, 家就像冰一样, 看似坚固, 实际脆弱。在冰风暴的那天晚上, 这两个家庭历经分崩离析, 次日清晨, 大家都觉醒了, 我们都将重新面对一切。 |
| ● |
| 相关链接 |
|
|
|
正题名:冰风暴
索取号:I712.45/M967
 
预约/预借
| 序号 | 登录号 | 条形码 | 馆藏地/架位号 | 状态 | 备注 |
| 1 | 1483280 | 214832804 | 文学库116/116文学库 28排4列3层/ [索取号:I712.45/M967] | 在馆 | |
| 2 | 1483281 | 214832813 | 文学库116/116文学库 28排4列3层/ [索取号:I712.45/M967] | 在馆 |